[Event "Troy (TCC Res/5/12)"]
[Site "?"]
[Date "1995.??.??"]
[Round "?"]
[White "Mailing, Don"]
[Black "Silveri, Marco"]
[Result "1-0"]
[WhiteElo "1605"]
[BlackElo "1605"]
[PlyCount "109"]
[EventDate "1995.??.??"]

{5/(12)} 1. e4 c5 2. Nf3 d6 3. d4 cxd4 4. Nxd4 g6 5. Nc3 Bg7 6. Be2 Nf6 7. h3
O-O 8. Be3 a6 9. O-O e5 10. Nb3 b5 11. Qd2 b4 12. Nd5 Nxe4 13. Qd3 Bf5 14. Qd1
Nc6 15. Bf3 Rb8 16. g4 Bxg4 17. hxg4 Ng5 18. Bg2 e4 19. c3 bxc3 20. Nxc3 Re8
21. Bxg5 Qxg5 22. Nxe4 Qe5 23. Nxd6 Red8 24. Bxc6 Rxd6 25. Qf3 Rf6 26. Qe4 Qxb2
27. Qg2 Rc8 28. Be4 h5 29. f3 Qe5 30. Rac1 Re8 31. Rc5 Qf4 32. g5 Rb6 33. Rfc1
Rd8 34. Rc8 Rbd6 35. Rxd8+ Rxd8 36. Rc2 Rd1+ 37. Kf2 Qh4+ 38. Ke3 Be5 39. Rf2
Qf4+ 40. Ke2 Rd6 41. Rf1 a5 42. Rd1 Re6 43. Kf1 Qh2 44. Qf2 Bf4 45. Rd3 Be5 46.
Qxh2 Bxh2 47. Rd7 Bf4 48. Bd5 Re3 49. Kf2 h4 50. Rxf7 Bxg5 51. Rf5+ Kg7 52.
Rxg5 a4 53. Kxe3 Kh6 54. f4 h3 55. Nc5 1-0

[Event "Detroit (MI Action/6/13)"]
[Site "?"]
[Date "1995.??.??"]
[Round "?"]
[White "Mahabir, Naresh"]
[Black "Scales, H."]
[Result "0-1"]
[WhiteElo "1605"]
[BlackElo "1660"]
[PlyCount "70"]
[EventDate "1995.??.??"]

{6/(13)} 1. e4 e5 2. Nf3 Nc6 3. Nc3 a6 4. Bc4 Bb4 5. a3 Ba5 6. O-O d6 7. d3 Bg4
8. Bd2 Nd4 9. Kh1 b5 10. Bd5 c6 11. Ba2 Qf6 12. Ne2 Bxf3 13. gxf3 Qxf3+ 14. Kg1
Nxe2+ 15. Qxe2 Qxe2 16. Bxa5 Qxc2 17. Bc3 Qxd3 18. f4 Qe3+ 19. Kh1 Qxe4+ 20.
Kg1 Nf6 21. b4 Qe3+ 22. Kh1 Qxc3 23. Kg2 O-O 24. fxe5 Qxe5 25. Rae1 Qg5+ 26.
Kh1 Rae8 27. Rxe8 Rxe8 28. h4 Qxh4+ 29. Kg2 Re2+ 30. Kf3 Rxa2 31. Rd1 Rxa3+ 32.
Ke2 Qh2+ 33. Ke1 Ra2 34. Rd2 Qxd2+ 35. Kf1 Ra1# 0-1

[Event "Detroit (MI Action/5/19)"]
[Site "?"]
[Date "1995.??.??"]
[Round "?"]
[White "Mahabir, Naresh"]
[Black "Powell, Antione"]
[Result "1-0"]
[WhiteElo "1605"]
[BlackElo "1605"]
[PlyCount "83"]
[EventDate "1995.??.??"]

{5/(19)} 1. e4 Nh6 2. d4 g6 3. Nf3 e6 4. Nc3 Nc6 5. Be3 Bb4 6. Qd2 d6 7. Bd3
O-O 8. Bxh6 Bxc3 9. Qxc3 Re8 10. d5 f6 11. O-O-O exd5 12. exd5 Ne5 13. Rde1
Nxd3+ 14. Qxd3 Rxe1+ 15. Rxe1 Bf5 16. Qc3 c6 17. dxc6 bxc6 18. Ng5 c5 19. Ne6
Qd7 20. Qxf6 Qf7 21. Qg7+ Qxg7 22. Nxg7 Bd7 23. Re7 Bc6 24. Ne6 Bxg2 25. Rg7+
Kh8 26. Ng5 Bd5 27. Nf7+ Bxf7 28. Rxf7 Kg8 29. Rg7+ Kh8 30. Rf7 Re8 31. b3 Kg8
32. Rxa7 Re1+ 33. Kb2 Re8 34. a4 d5 35. a5 Rb8 36. Rg7+ Kh8 37. Rf7 Kg8 38.
Rf8+ Rxf8 39. Bxf8 Kxf8 40. a6 d4 41. a7 Ke7 42. a8=Q 1-0

[Event "Detroit (MI Action/1/10)"]
[Site "?"]
[Date "1995.??.??"]
[Round "?"]
[White "Mahabir, Naresh"]
[Black "Jointer, William"]
[Result "0-1"]
[WhiteElo "1605"]
[BlackElo "1700"]
[PlyCount "86"]
[EventDate "1995.??.??"]

{1/(10)} 1. e4 c5 2. Nf3 Nc6 3. Bb5 g6 4. Nc3 Bg7 5. Bxc6 bxc6 6. b3 Nf6 7. Bb2
O-O 8. d3 d5 9. O-O Qa5 10. d4 dxe4 11. Ne5 Bb7 12. dxc5 Rfd8 13. Qe2 Qxc5 14.
Nxe4 Nxe4 15. Qxe4 Rd5 16. Rfe1 Rad8 17. Nd3 Qxc2 18. Bxg7 Kxg7 19. Rac1 Qxd3
20. Qxd3 Rxd3 21. g3 e6 22. Re3 Rxe3 23. fxe3 Rd2 24. a3 Rd3 25. Rb1 Rxe3 26.
a4 c5 27. Kf2 Rc3 28. h4 h5 29. Rb2 Rf3+ 30. Kg1 Rxg3+ 31. Kh2 Rg4 32. Kh3 Bd5
33. a5 Rb4 34. Rc2 Rxb3+ 35. Rc3 Rxc3+ 36. Kh2 Rb3 37. a6 c4 38. Kg1 Rb2 39.
Kf1 Bf3 40. Ke1 Rh2 41. Kf1 c3 42. Kg1 Rg2+ 43. Kf1 c2 0-1

[Event "Detroit (MI Team/3/4/2)"]
[Site "?"]
[Date "1995.??.??"]
[Round "?"]
[White "Mahabir, Naresh"]
[Black "Jointer, William"]
[Result "0-1"]
[WhiteElo "1605"]
[BlackElo "1700"]
[PlyCount "68"]
[EventDate "1995.??.??"]

{3/4} 1. e4 c5 2. Nf3 Nc6 3. Bb5 a6 4. Bxc6 bxc6 5. Nc3 g6 6. O-O Bg7 7. d3 d5
8. Qe2 e6 9. Be3 d4 10. Bg5 f6 11. Bh4 dxc3 12. bxc3 Rb8 13. c4 Ne7 14. Rfd1 g5
15. Bg3 Rb7 16. d4 g4 17. Nh4 h5 18. dxc5 Rd7 19. Rd6 Rxd6 20. cxd6 Ng8 21. e5
f5 22. Rd1 Bd7 23. Bf4 Kf7 24. Qd2 Qxh4 25. Bg5 Bh6 26. Bxh4 Bxd2 27. Rxd2 f4
28. Bf6 Nxf6 29. exf6 Kxf6 30. Re2 e5 31. g3 f3 32. Rd2 Rb8 33. c3 Rb1+ 34. Rd1
Rxd1# 0-1

[Event "Detroit (MI Action/3/11)"]
[Site "?"]
[Date "1995.??.??"]
[Round "?"]
[White "Mahabir, Naresh"]
[Black "Boyle, John"]
[Result "0-1"]
[WhiteElo "1605"]
[BlackElo "1605"]
[PlyCount "56"]
[EventDate "1995.??.??"]

{3/(11)} 1. e4 c5 2. Nf3 d6 3. d4 cxd4 4. Nxd4 Nf6 5. Nc3 g6 6. Bg5 Bg7 7. Bc4
O-O 8. Nf3 Nc6 9. Bb5 Be6 10. Bxc6 bxc6 11. Qd2 a6 12. Bxf6 Bxf6 13. O-O-O Rb8
14. Rde1 Qb6 15. b3 Qa5 16. Re3 Bg4 17. h3 Bxf3 18. Rxf3 Bg5 19. Rf4 Bxf4 20.
Qxf4 Qxc3 21. Qg4 Qa1+ 22. Kd2 Qxh1 23. Qd7 Qxg2 24. Qxc6 Qxf2+ 25. Kc1 Rbc8
26. Qxc8 Rxc8 27. Kb1 Qxc2+ 28. Ka1 Qc1# 0-1

[Event "Detroit (MI Team/4/4/2)"]
[Site "?"]
[Date "1995.??.??"]
[Round "?"]
[White "Mahabir, Naresh"]
[Black "Aldrich, Justin"]
[Result "0-1"]
[WhiteElo "1605"]
[BlackElo "1605"]
[PlyCount "62"]
[EventDate "1995.??.??"]

{4/4} 1. e4 e5 2. Nf3 d6 3. Nc3 Bg4 4. Be2 Nf6 5. h3 Bh5 6. Nxe5 Bxe2 7. Qxe2
dxe5 8. O-O Nc6 9. d3 Nd4 10. Qd2 Bb4 11. a3 Ba5 12. b4 Bb6 13. Bb2 O-O 14. f4
Nb3+ 15. Kh1 Nxd2 16. Rfd1 Ndxe4 17. dxe4 Qe7 18. Re1 exf4 19. Na4 Bf2 20. Re2
Nxe4 21. Kh2 Bg3+ 22. Kg1 Rfe8 23. Nc5 f5 24. Nxb7 Qh4 25. Nc5 Bf2+ 26. Kh1
Ng3+ 27. Kh2 Rxe2 28. Bc1 Ne4 29. Nd3 Qg3+ 30. Kh1 Bd4 31. Bxf4 Qxg2# 0-1

[Event "East Lansing (MOR/4/32)"]
[Site "?"]
[Date "1995.??.??"]
[Round "?"]
[White "Mahabir, Jagdesh"]
[Black "Woods, I."]
[Result "1/2-1/2"]
[WhiteElo "1605"]
[BlackElo "1605"]
[PlyCount "110"]
[EventDate "1995.??.??"]

{4/(32)} 1. d4 Nf6 2. e3 g6 3. Bd3 Bg7 4. Nd2 O-O 5. c3 d6 6. Ngf3 Nbd7 7. O-O
Re8 8. e4 c5 9. Re1 b6 10. Bb5 a6 11. Bc6 Ra7 12. Qa4 b5 13. Bxb5 Qb6 14. Bxd7
Bxd7 15. Qb3 Qc7 16. dxc5 Qxc5 17. Nc4 Be6 18. Be3 Qxc4 19. Qxc4 Bxc4 20. Bxa7
Ra8 21. Bd4 e5 22. Be3 Nxe4 23. Nd2 Nxd2 24. Bxd2 f5 25. b3 Bd3 26. Rac1 e4 27.
Be3 Rc8 28. Bd4 Bh6 29. Be3 Bg7 30. Bf4 d5 31. h3 Rxc3 32. Rxc3 Bxc3 33. Rc1 d4
34. f3 Kg7 35. Kf2 h6 36. a3 g5 37. Be5+ Kg6 38. f4 e3+ 39. Kg1 e2 40. Kf2
e1=Q+ 41. Rxe1 Bxe1+ 42. Kxe1 Be4 43. fxg5 hxg5 44. g3 d3 45. Kd2 Kh6 46. b4
Kg6 47. a4 Kf7 48. b5 axb5 49. axb5 Ke6 50. Bc7 Kd7 51. b6 Kc8 52. h4 gxh4 53.
gxh4 Kb7 54. h5 f4 55. Bxf4 Kxb6 1/2-1/2

[Event "Detroit (WCO/5/6)"]
[Site "?"]
[Date "1995.??.??"]
[Round "?"]
[White "Mahabir, Jagdesh"]
[Black "Vaughn, Gerald"]
[Result "1/2-1/2"]
[WhiteElo "1605"]
[BlackElo "1605"]
[PlyCount "104"]
[EventDate "1995.??.??"]

{5/(6)} 1. d4 d5 2. e3 c5 3. c3 Nf6 4. Bd3 cxd4 5. cxd4 Nc6 6. f4 Bg4 7. Be2
Bxe2 8. Qxe2 Ne4 9. Nd2 Qa5 10. a3 e6 11. Ngf3 Be7 12. O-O O-O 13. b4 Nxb4 14.
Nxe4 dxe4 15. Ng5 f5 16. Nxe6 Rf6 17. Qc4 Qd5 18. Qxd5 Nxd5 19. Ng5 h6 20. Nh3
Rc8 21. Re1 Rc2 22. Rb1 b6 23. Rb3 Rfc6 24. Bb2 a5 25. Rb5 Rd6 26. a4 Rd7 27.
Kf1 Bb4 28. Re2 Nxe3+ 29. Rxe3 Rxb2 30. Rxf5 Rxd4 31. Re5 Bc5 32. R3xe4 Rd1+
33. Re1 Rxe1+ 34. Rxe1 Ra2 35. Re4 Rb2 36. Re2 Rxe2 37. Kxe2 Kf7 38. Nf2 Bxf2
39. Kxf2 Ke6 40. Ke2 Kd5 41. Kd3 h5 42. g3 Kc5 43. Kc3 b5 44. axb5 Kxb5 45. h3
g6 46. g4 hxg4 47. hxg4 a4 48. Kb2 Kc4 49. Ka3 Kd5 50. Kxa4 Ke4 51. f5 gxf5 52.
gxf5 Kxf5 1/2-1/2

[Event "Detroit (MI Action/1/19)"]
[Site "?"]
[Date "1995.??.??"]
[Round "?"]
[White "Mahabir, Jagdesh"]
[Black "Powell, Antione"]
[Result "1-0"]
[WhiteElo "1605"]
[BlackElo "1605"]
[PlyCount "29"]
[EventDate "1995.??.??"]

{1/(19)} 1. d4 Nf6 2. e3 g6 3. Bd3 Bh6 4. c4 O-O 5. Nc3 d6 6. Nf3 Nbd7 7. e4
Bxc1 8. Qxc1 Nb6 9. h3 e6 10. Qh6 Kh8 11. Ng5 Bd7 12. e5 dxe5 13. dxe5 Qe8 14.
exf6 Rg8 15. Qxh7# 1-0

[Event "Detroit (MI Action/3/12)"]
[Site "?"]
[Date "1995.??.??"]
[Round "?"]
[White "Mahabir, Jagdesh"]
[Black "Menczer, David"]
[Result "0-1"]
[WhiteElo "1605"]
[BlackElo "1605"]
[PlyCount "64"]
[EventDate "1995.??.??"]

{3/(12)} 1. d4 d5 2. e3 Nf6 3. Bd3 e6 4. Nd2 Nc6 5. c3 Bd6 6. f4 h5 7. Ngf3 Ng4
8. Nb3 Bd7 9. h3 Nf6 10. Ne5 Ne4 11. Bxe4 dxe4 12. g3 Bxe5 13. dxe5 Qe7 14. Nd2
O-O-O 15. Nxe4 Na5 16. Qc2 Bc6 17. Rh2 Nc4 18. Bd2 Bxe4 19. Qxe4 Nxb2 20. Rb1
Qa3 21. Ke2 Qa6+ 22. Kf3 Nc4 23. Be1 Rd7 24. Rb4 Nb6 25. Rd4 Rxd4 26. exd4 Qf1+
27. Bf2 Nc4 28. Qc2 c6 29. f5 Na3 30. Qe4 Nc4 31. Qc2 Na3 32. Qb2 Nc4 0-1

[Event "East Lansing (MOR/2/43)"]
[Site "?"]
[Date "1995.??.??"]
[Round "?"]
[White "Mahabir, Jagdesh"]
[Black "Krzyston, Joe"]
[Result "1-0"]
[WhiteElo "1605"]
[BlackElo "1605"]
[PlyCount "57"]
[EventDate "1995.??.??"]

{2/(43)} 1. d4 h6 2. e4 g5 3. Nc3 Bg7 4. Be3 c5 5. Bc4 Nc6 6. Nge2 e6 7. dxc5
a6 8. h3 Ne5 9. Bd4 Ne7 10. Bxe5 Bxe5 11. Qd2 Qa5 12. Qe3 d6 13. cxd6 Bxd6 14.
Qd2 Qe5 15. Qd4 Qc5 16. Qxh8+ Kd7 17. Bd3 Ng6 18. Qxh6 Bf4 19. h4 b5 20. hxg5
Bxg5 21. Qg7 Ke7 22. Rh7 Ra7 23. Qxf7+ Kd6 24. Qxg6 Bd7 25. Rd1 Qe5 26. Bxb5+
Kc5 27. Rhxd7 Rc7 28. R7d5+ exd5 29. Rxd5+ 1-0

[Event "Detroit (WCO/4/9)"]
[Site "?"]
[Date "1995.??.??"]
[Round "?"]
[White "Mahabir, Jagdesh"]
[Black "Hill, Brad"]
[Result "1-0"]
[WhiteElo "1605"]
[BlackElo "1605"]
[PlyCount "81"]
[EventDate "1995.??.??"]

{4/(9)} 1. d4 Nf6 2. e3 d5 3. Bd3 c6 4. Nd2 Nbd7 5. f4 c5 6. c3 e6 7. Ngf3 cxd4
8. cxd4 Bb4 9. O-O Bxd2 10. Bxd2 Ne4 11. Bxe4 dxe4 12. Ng5 f5 13. Nxe6 Qb6 14.
Nxg7+ Kd8 15. Bc3 Nf6 16. Nh5 Nd5 17. Qd2 Rg8 18. Ba5 Bd7 19. Bxb6+ Nxb6 20.
Nf6 Rg7 21. Nxd7 Rxd7 22. Qa5 Rd5 23. Qe1 Nc4 24. Qh4+ Ke8 25. Qxh7 Nxe3 26.
Qh8+ Kf7 27. Qxa8 Rxd4 28. Qxb7+ Ke6 29. Qxa7 Nc2 30. Qc5 Rd2 31. Qe5+ Kf7 32.
Qxf5+ Kg7 33. Qxe4 Kh6 34. Qe6+ Kh5 35. Rad1 Rxd1 36. Rxd1 Ne3 37. Qxe3 Kg4 38.
h3+ Kf5 39. Qe5+ Kg6 40. Rd6+ Kf7 41. a4 1-0

[Event "Detroit (MI Team/4/3/1)"]
[Site "?"]
[Date "1995.??.??"]
[Round "?"]
[White "Mahabir, Jagdesh"]
[Black "Grams, Paul"]
[Result "1/2-1/2"]
[WhiteElo "1605"]
[BlackElo "1805"]
[PlyCount "69"]
[EventDate "1995.??.??"]

{4/3} 1. d4 Nf6 2. e3 g6 3. Bd3 Bg7 4. Nf3 O-O 5. Nbd2 d5 6. c3 Nbd7 7. b3 e5
8. Nxe5 Nxe5 9. dxe5 Ng4 10. Nf3 Nxe5 11. Nxe5 Bxe5 12. Bb2 c6 13. Qc2 Re8 14.
O-O Qh4 15. f4 Bd6 16. Rae1 Bg4 17. Qf2 Qe7 18. Qg3 Bd7 19. Qf2 Bc5 20. Bc1 f5
21. Re2 a5 22. Rfe1 b5 23. Rc2 Bb6 24. Bd2 Qd6 25. Bc1 Re7 26. Rce2 Rae8 27.
Qg3 c5 28. Ba3 b4 29. Bb2 bxc3 30. Bxc3 d4 31. Bc4+ Kf8 32. Bd2 d3 33. Rf2 a4
34. Qg5 Be6 35. Bb5 1/2-1/2

[Event "Detroit (MI Action/4/13)"]
[Site "?"]
[Date "1995.??.??"]
[Round "?"]
[White "Mahabir, Jagdesh"]
[Black "Fleshman, Justin"]
[Result "1-0"]
[WhiteElo "1605"]
[BlackElo "1605"]
[PlyCount "67"]
[EventDate "1995.??.??"]

{4/(13)} 1. d4 d5 2. e3 Nf6 3. Bd3 g6 4. Nd2 Bg7 5. c3 Bf5 6. Bxf5 gxf5 7. f4
Nbd7 8. Ngf3 c6 9. Ne5 Nxe5 10. fxe5 Ne4 11. Qh5 e6 12. Nf3 Qe7 13. Nd2 Nxd2
14. Bxd2 O-O-O 15. O-O-O f6 16. exf6 Bxf6 17. g3 Qg7 18. Rdf1 b6 19. Rf2 Qg5
20. Qf7 Rde8 21. Qxa7 Bd8 22. Rhf1 Qg6 23. Qa3 Be7 24. Qa8+ Kc7 25. Qa7+ Kc8
26. Qxb6 Kd7 27. Qb7+ Kd6 28. c4 c5 29. dxc5+ Kxc5 30. Bb4+ Kxc4 31. Rc2+ Kd3
32. Qb5+ Kxe3 33. Qe2+ Kd4 34. Rd1# 1-0

[Event "East Lansing (MOR/6/22)"]
[Site "?"]
[Date "1995.??.??"]
[Round "?"]
[White "Mahabir, Jagdesh"]
[Black "Brown, Ralph"]
[Result "0-1"]
[WhiteElo "1605"]
[BlackElo "1650"]
[PlyCount "116"]
[EventDate "1995.??.??"]

{6/(22)} 1. d4 d5 2. e3 Nf6 3. Bd3 c6 4. Nf3 Ne4 5. Nbd2 f5 6. Bxe4 dxe4 7. Ne5
g6 8. f3 exf3 9. Ndxf3 Bg7 10. c3 Nd7 11. O-O Nxe5 12. Nxe5 Bxe5 13. dxe5 Qxd1
14. Rxd1 Be6 15. b3 O-O 16. Bb2 Rad8 17. c4 b6 18. g3 g5 19. Kh1 Kg7 20. Bc3
Kg6 21. Bb4 c5 22. Bc3 a5 23. a4 h5 24. h4 Bc8 25. hxg5 Kxg5 26. Kg2 Kg4 27.
Kf2 Bb7 28. Rxd8 Rxd8 29. Rb1 Be4 30. Rb2 Rd1 31. e6 Rc1 32. Be5 Rc2+ 33. Rxc2
Bxc2 34. Bc7 Bxb3 35. Bxb6 Kg5 36. Bxc5 Kf6 37. Bd4+ Kxe6 38. Kf3 Bxa4 39. Bb6
Bd1+ 40. Kf4 a4 41. Bd4 Bg4 42. c5 Kd5 43. Ba1 Kxc5 44. Ke5 Kc4 45. e4 fxe4 46.
Kxe4 a3 47. Ke3 Kb3 48. Kd2 Ka2 49. Be5 Kb1 50. Kc3 a2 51. Kd3 a1=Q 52. Bxa1
Kxa1 53. Ke4 Kb2 54. Kf4 Kc3 55. Ke4 Kd2 56. Kf4 Ke2 57. Ke4 Kf2 58. Kf4 e6 0-1

[Event "Grand Rapids (MI Am/4/30)"]
[Site "?"]
[Date "1995.??.??"]
[Round "?"]
[White "Lueer, Michael"]
[Black "Nolan, Brian"]
[Result "0-1"]
[WhiteElo "1605"]
[BlackElo "1605"]
[PlyCount "50"]
[EventDate "1995.??.??"]

{4/(30)} 1. d4 Nf6 2. Nc3 e6 3. e4 Bb4 4. Bg5 h6 5. Bxf6 Qxf6 6. Nf3 O-O 7. e5
Qe7 8. a3 Bxc3+ 9. bxc3 b6 10. Bd3 Ba6 11. O-O Bxd3 12. Qxd3 d5 13. exd6 Qxd6
14. Rfe1 Nd7 15. Re4 Rfd8 16. Rh4 Nf6 17. Ne5 c5 18. Ng4 Nxg4 19. Rxg4 cxd4 20.
Rxd4 Qe7 21. c4 Rxd4 22. Qxd4 Rd8 23. Qe4 Qd6 24. g3 Qd4 25. Qe2 Qxa1+ 0-1

[Event "Grand Rapids (MI Am/2/33)"]
[Site "?"]
[Date "1995.??.??"]
[Round "?"]
[White "Lueer, Michael"]
[Black "Miller, J."]
[Result "0-1"]
[WhiteElo "1605"]
[BlackElo "1605"]
[PlyCount "112"]
[EventDate "1995.??.??"]

{2/(33)} 1. d4 d5 2. e4 dxe4 3. Nc3 f5 4. f3 exf3 5. Nxf3 e6 6. Ne5 Nf6 7. Bg5
Nbd7 8. Bxf6 Nxf6 9. Qd3 Bb4 10. Qb5+ Nd7 11. Qxb4 Qh4+ 12. g3 Qh6 13. Nxd7
Qe3+ 14. Be2 Bxd7 15. Qxb7 O-O 16. Qf3 Qg5 17. Qf4 Qd8 18. O-O-O Qb8 19. Bf3 c6
20. Qxb8 Raxb8 21. Rhe1 Rb7 22. g4 fxg4 23. Bxg4 Re8 24. Ne4 Reb8 25. b3 e5 26.
Bxd7 Rxd7 27. dxe5 Rxd1+ 28. Rxd1 Re8 29. Rd7 Rxe5 30. Nd6 h6 31. Rxa7 Re1+ 32.
Kb2 Rh1 33. Rc7 Rxh2 34. Rxc6 h5 35. a4 h4 36. Rc8+ Kh7 37. a5 Rd2 38. a6 Rxd6
39. a7 Ra6 40. a8=Q Rxa8 41. Rxa8 g5 42. b4 h3 43. Ra3 g4 44. Ra7+ Kh6 45. b5
h2 46. b6 h1=Q 47. b7 Qe4 48. b8=Q Qd4+ 49. c3 Qd2+ 50. Kb3 Qd1+ 51. Kb4 Qb1+
52. Kc4 Qxb8 53. Ra6+ Kh5 54. Ra5+ Kh4 55. Rb5 Qg8+ 56. Kb4 g3 0-1

[Event "East Lansing (Class DE/3/22)"]
[Site "?"]
[Date "1995.??.??"]
[Round "?"]
[White "Lueer, Michael"]
[Black "Aldrich, Justin"]
[Result "0-1"]
[WhiteElo "1605"]
[BlackElo "1605"]
[PlyCount "82"]
[EventDate "1995.??.??"]

{3/(22)} 1. d4 d5 2. e4 dxe4 3. Nc3 Nf6 4. f3 exf3 5. Nxf3 Bg4 6. h3 Bh5 7. g4
Bg6 8. Bb5+ c6 9. Bd3 Bxd3 10. Qxd3 h6 11. Be3 e6 12. O-O-O Be7 13. Qd2 Nbd7
14. a3 Nb6 15. Ne5 Nbd5 16. Nxd5 Nxd5 17. Bf4 Nxf4 18. Qxf4 Bg5 19. Qd2 Bxd2+
20. Rxd2 Qd5 21. Rf1 Qa2 22. Rdf2 O-O-O 23. Nxf7 Rxd4 24. c3 Rdd8 25. Nxd8 Rxd8
26. Rf8 e5 27. Rxd8+ Kxd8 28. Rd1+ Kc7 29. Kc2 Qe6 30. Kd2 h5 31. Ke1 hxg4 32.
h4 Qh6 33. Ke2 Qxh4 34. Rf1 Qh2+ 35. Rf2 Qg3 36. Rf7+ Kb6 37. Rxg7 Qf3+ 38. Ke1
g3 39. Rg5 Qf2+ 40. Kd1 g2 41. Rxg2 Qxg2 0-1

[Event "Detroit (WCO/3/7)"]
[Site "?"]
[Date "1995.??.??"]
[Round "?"]
[White "Luckett, A."]
[Black "Vaka, Flamur"]
[Result "0-1"]
[WhiteElo "1605"]
[BlackElo "1680"]
[PlyCount "79"]
[EventDate "1995.??.??"]

{3/(7)} 1. e4 e5 2. Nf3 Nc6 3. Bc4 Bc5 4. O-O d6 5. d3 Bg4 6. h3 Bh5 7. g4 Bg6
8. Nc3 h5 9. Ng5 Nd4 10. Nd5 hxg4 11. c3 Ne6 12. Nxe6 fxe6 13. Qxg4 Bf7 14.
Qxg7 Rxh3 15. Bg5 Rg3+ 16. Kh2 Rxg5 17. Nxc7+ Qxc7 18. Bb5+ Ke7 19. Qxg5+ Nf6
20. Qh4 Qb6 21. a4 Rg8 22. f3 Rg7 23. Qe1 Be3 24. d4 Bf4+ 25. Kh1 Rh7+ 26. Kg2
exd4 27. Rh1 Rg7+ 28. Kf1 dxc3 29. bxc3 Qc5 30. e5 Bxe5 31. c4 Bxa1 32. Qxa1
Qe3 33. Qd1 Qg5 34. f4 Qg2+ 35. Ke1 Qxh1+ 36. Kd2 Ne4+ 37. Kc2 Rg2+ 38. Kc1 Rg1
39. Kc2 Qg2+ 40. Qd2 0-1

[Event "Detroit (CMS Jun/2/3/2)"]
[Site "?"]
[Date "1995.??.??"]
[Round "?"]
[White "Luckett, A."]
[Black "Saenz, Scott"]
[Result "1-0"]
[WhiteElo "1605"]
[BlackElo "1605"]
[PlyCount "41"]
[EventDate "1995.??.??"]

{2/3} 1. e4 c5 2. Nf3 Nc6 3. d4 cxd4 4. Nxd4 d6 5. Bb5 Bd7 6. Qf3 Nxd4 7. Bxd7+
Qxd7 8. Qd3 Nc6 9. O-O Nf6 10. Rd1 g6 11. Bg5 Bg7 12. Nc3 O-O 13. Bxf6 Bxf6 14.
Nd5 Be5 15. Qb5 a6 16. Qb3 e6 17. Nb6 Qd8 18. Nxa8 Qxa8 19. c3 b5 20. a4 b4 21.
cxb4 {[Remainder illegible; 1-0, 44?]} 1-0

[Event "Detroit (WCO/5/8)"]
[Site "?"]
[Date "1995.??.??"]
[Round "?"]
[White "Luckett, A."]
[Black "Khraizat, Ali"]
[Result "0-1"]
[WhiteElo "1605"]
[BlackElo "1605"]
[PlyCount "91"]
[EventDate "1995.??.??"]

{5/(8)} 1. e4 e6 2. d4 d5 3. e5 c5 4. c3 Nc6 5. Nf3 Qb6 6. Bd3 Bd7 7. dxc5 Bxc5
8. O-O Nh6 9. Bxh6 gxh6 10. Nh4 Rg8 11. Bxh7 Rg7 12. Bd3 O-O-O 13. Qd2 Rdg8 14.
b4 Bf8 15. Re1 Rg4 16. Nf3 Rxg2+ 17. Kf1 Nxb4 18. cxb4 Bxb4 19. Rc1+ Kb8 20.
Qe3 Bb5 21. Bxb5 Qxb5+ 22. Qe2 Rg1+ 23. Nxg1 Rxg1+ 24. Kxg1 Qxe2 25. Nc3 Qg4+
26. Kh1 Qf3+ 27. Kg1 Bxc3 28. Rab1 d4 29. Rb3 h5 30. h3 Qxh3 31. f3 Qxf3 32.
Rf1 Qg3+ 33. Kh1 Qg8 34. a4 Qh7 35. Rb5 d3 36. a5 d2 37. a6 b6 38. Rb3 Qe4+ 39.
Kh2 Bxe5+ 40. Kg1 Qg4+ 41. Kf2 Bd4+ 42. Re3 Bxe3+ 43. Kxe3 d1=Q 44. Rxd1 Qxd1
45. Ke4 h4 46. Ke5 0-1

[Event "Eastpointe (MCO/6/21)"]
[Site "?"]
[Date "1995.??.??"]
[Round "?"]
[White "Lubben, Don"]
[Black "Wright, Ken"]
[Result "1-0"]
[WhiteElo "1860"]
[BlackElo "1605"]
[PlyCount "97"]
[EventDate "1995.??.??"]

{6/(21)} 1. e4 e5 2. Nf3 Nc6 3. Bc4 Nf6 4. Ng5 d5 5. exd5 Nxd5 6. Nxf7 Kxf7 7.
Qf3+ Ke6 8. Nc3 Nce7 9. O-O c6 10. Re1 Nf5 11. d4 Nxd4 12. Qe4 Qd6 13. Qxd4 Kd7
14. Rxe5 Nxc3 15. Qxc3 Be7 16. Re6 Qd1+ 17. Re1 Qd6 18. Qxg7 Qf6 19. Qxf6 Bxf6
20. c3 Kc7 21. Bf4+ Kb6 22. Be5 Bxe5 23. Rxe5 Bd7 24. Rd1 Be8 25. Re7 Bg6 26.
Rdd7 Rab8 27. f3 Bf5 28. Be6 Bg6 29. g4 Be8 30. Rd4 h5 31. Rb4+ Ka6 32. a4 hxg4
33. fxg4 b6 34. Bc4+ b5 35. axb5+ cxb5 36. Re5 Rh6 37. Ra4+ Kb6 38. Bxb5 Bxb5
39. Rxb5+ Kxb5 40. Rb4+ Kc6 41. Rxb8 Rh4 42. Rb4 Kc5 43. g5 Rh5 44. Rg4 Rh7 45.
g6 Rg7 46. h4 Kd6 47. h5 Ke6 48. h6 Rg8 49. h7 1-0

[Event "East Lansing (MI Op/7/20)"]
[Site "?"]
[Date "1995.??.??"]
[Round "?"]
[White "Lubben, Don"]
[Black "Williams, Ron"]
[Result "1/2-1/2"]
[WhiteElo "1855"]
[BlackElo "1905"]
[PlyCount "123"]
[EventDate "1995.??.??"]

{7/(20)} 1. e4 c5 2. Nf3 Nc6 3. d4 cxd4 4. Nxd4 e6 5. Nc3 a6 6. Bc4 Nge7 7. O-O
Nxd4 8. Qxd4 Nc6 9. Qe3 Qc7 10. Qg5 Qe5 11. Qxe5 Nxe5 12. Bb3 Bc5 13. Bf4 d6
14. Rad1 O-O 15. Na4 Ba7 16. Rxd6 Ng4 17. Bg3 b5 18. Nb6 Bxb6 19. Rxb6 Rd8 20.
Rd6 Rxd6 21. Bxd6 Bb7 22. e5 Rd8 23. h3 Nh6 24. c4 bxc4 25. Bxc4 Nf5 26. Bc5
Nh4 27. f3 Ng6 28. Re1 Nf4 29. Bd6 Rc8 30. b3 h6 31. Kf2 Bd5 32. Bxa6 Rc2+ 33.
Kg3 g5 34. Rg1 Rxa2 35. Bf1 Bxb3 36. Be7 Kg7 37. h4 Kg6 38. hxg5 hxg5 39. Kg4
Ra4 40. Kg3 Nh5+ 41. Kf2 Ra2+ 42. Ke3 Bc2 43. g3 Ra7 44. Bd6 Ng7 45. Kd2 Ra2
46. Kc3 Ba4 47. Bd3+ f5 48. exf6+ Kxf6 49. Re1 Nf5 50. Be5+ Kf7 51. Be4 Bd7 52.
Rb1 Ra3+ 53. Rb3 Rxb3+ 54. Kxb3 Bb5 55. Bc7 Be2 56. Kc3 Bd1 57. Kd2 Bb3 58. Ke2
Bc4+ 59. Kf2 Ke7 60. Be5 Nd6 61. Bg6 Bd5 62. Bg7 1/2-1/2

[Event "Troy (US Am N/3/7)"]
[Site "?"]
[Date "1995.??.??"]
[Round "?"]
[White "Lubben, Don"]
[Black "Skidmore, Mike"]
[Result "1-0"]
[WhiteElo "1795"]
[BlackElo "1975"]
[PlyCount "61"]
[EventDate "1995.??.??"]

{3/(7)} 1. e4 c6 2. d4 d5 3. Nc3 dxe4 4. Nxe4 Bf5 5. Ng3 Bg6 6. Nf3 e6 7. Bd3
Bxd3 8. Qxd3 Nf6 9. O-O Nbd7 10. Re1 Be7 11. Re2 O-O 12. Bg5 Nd5 13. Bd2 Qb6
14. b3 Rfd8 15. c4 N5f6 16. Qc3 Qc7 17. Rae1 a5 18. Qc1 Bb4 19. Bf4 Bd6 20. Ne5
b6 21. h3 Qc8 22. Bg5 Be7 23. Ne4 Rf8 24. Nxd7 Qxd7 25. Nxf6+ Bxf6 26. Bxf6
gxf6 27. Qh6 Rad8 28. Re4 f5 29. Rh4 Rfe8 30. Re3 f4 31. Rg4+ 1-0

[Event "East Lansing (MI Op/4/29)"]
[Site "?"]
[Date "1995.??.??"]
[Round "?"]
[White "Lubben, Don"]
[Black "Skidmore, Jennifer"]
[Result "1-0"]
[WhiteElo "1855"]
[BlackElo "1940"]
[PlyCount "139"]
[EventDate "1995.??.??"]

{4/(29)} 1. e4 e5 2. Nf3 d6 3. d4 Nf6 4. Nc3 exd4 5. Nxd4 g6 6. Bg5 Bg7 7. Qd2
Nbd7 8. O-O-O O-O 9. h4 Qe8 10. f3 a6 11. Bh6 Ne5 12. Be2 b5 13. Bxg7 Kxg7 14.
h5 Rh8 15. g4 Be6 16. Nxe6+ Qxe6 17. h6+ Kf8 18. Nd5 Rc8 19. Nxf6 Qxf6 20. g5
Qe6 21. b3 Ke7 22. Rhg1 Nd7 23. f4 Qxe4 24. Bxb5 Kd8 25. Rge1 Qf5 26. Qe3 Qe6
27. Qd4 Ne5 28. Qxe5 Qxe5 29. fxe5 axb5 30. exd6 cxd6 31. Rxd6+ Kc7 32. Rf6 Ra8
33. Rxf7+ Kd6 34. Rf6+ Kd5 35. Kb2 Ra5 36. Rd1+ Kc5 37. Rf4 Rha8 38. b4+ Kc6
39. bxa5 Rxa5 40. Rf6+ Kc7 41. Rd3 b4 42. Rb3 Rxg5 43. Rxb4 Rh5 44. Rf7+ Kd6
45. Rxh7 Kc5 46. a3 g5 47. Rc7+ Kd6 48. Rcc4 Kd5 49. Rg4 Rxh6 50. Rxg5+ Kc6 51.
a4 Rd6 52. a5 Re6 53. a6 Re8 54. a7 Kc7 55. Rb8 Rxb8+ 56. axb8=Q+ Kxb8 57. Rc5
Kb7 58. Kb3 Kb6 59. Kb4 Kb7 60. Kb5 Kb8 61. Rc6 Kb7 62. Rh6 Kc7 63. c4 Kd7 64.
c5 Kc7 65. Rh7+ Kd8 66. Kb6 Kc8 67. c6 Kd8 68. Kb7 Ke8 69. c7 Kf8 70. c8=Q# 1-0

[Event "Grand Rapids (MI Am/2/13)"]
[Site "?"]
[Date "1995.??.??"]
[Round "?"]
[White "Lubben, Don"]
[Black "Rodriguez, M."]
[Result "1-0"]
[WhiteElo "1830"]
[BlackElo "1605"]
[PlyCount "57"]
[EventDate "1995.??.??"]

{2/(13)} 1. e4 c5 2. Nf3 d6 3. Bb5+ Bd7 4. Qe2 a6 5. Bxd7+ Nxd7 6. d4 cxd4 7.
Nxd4 Ngf6 8. Nc3 g6 9. Bg5 Bg7 10. h4 O-O 11. O-O-O Qa5 12. Nb3 Qc7 13. h5 h6
14. Be3 Nxh5 15. Rxh5 gxh5 16. Nd5 Qd8 17. Qxh5 f5 18. Bxh6 Nf6 19. Qg6 Rf7 20.
Nd4 Kh8 21. Rh1 Nh7 22. Qxf7 Bxd4 23. Nxe7 Qg8 24. Ng6+ Qxg6 25. Qxg6 Rg8 26.
Qxf5 Rxg2 27. Be3 Bxe3+ 28. fxe3 d5 29. Qxh7# 1-0